=LDR 00000nam 2200000 4500 =001 INLIS000000000030058 =005 20130612132234 =008 ***********************************Ind** =035 ##$$a0010-061300000030058 =041 ##$$a Ind =082 ##$$a 2x0.001 3 =090 ##$$a 2x0.001 3, Nuk-t =100 ##$$a Muchtar, Aflatun =245 ##$$a Tunduk Kepada Allah, Fungsi dan Peran Agama dalam Kehidupan manusia, Dr.Aflatun Muchtar, MA =260 ##$$a Khasanah Baru; 2001 $b Jakarta =300 ##$$a xv,246, 21 cm =850 ##$$a NBPNMAT =990 ##$$a 21196537/BPAP-NTB/2014